000
00321nam a22001337a 4500
008
170627b xxu||||| |||| 00| 0 eng d
020
_a
9780872071773
041
_a
eng
080
_a
32
100
_a
21
101
_a
SHP
245
_a
WHAT RESEARCH HAS TO SAY ABOUT READING INSTROCTION
_c
FARSTRUP,A.E
942
_2
udc
_c
BK
999
_c
19122
_d
19122